[Event "RUS-ch51"]
[Site "St Petersburg"]
[Date "1998.08.02"]
[Round "6"]
[White "Landa, Konstantin"]
[Black "Potapov, Alexander"]
[Result "1/2-1/2"]
[WhiteElo "2520"]
[BlackElo "2475"]
[Annotator "Tyomkin,D"]
[PlyCount "57"]
[EventDate "1998.07.28"]
[EventType "swiss"]
[EventRounds "11"]
[EventCountry "RUS"]
[SourceTitle "CBM 067"]
[Source "ChessBase"]
[SourceDate "1998.11.30"]
[SourceVersion "2"]
[SourceVersionDate "1998.11.01"]
[SourceQuality "1"]

{[%mdl 28]} 1. d4 {Meulders} f5 2. c4 Nf6 3. Nc3 g6 4. g3 Bg7 5. Bg2 O-O 6. Nf3
d6 7. O-O Nc6 {Meulders: Obwohl heutzutage 7...Qe8 die Hauptvariante ist, ist
dieser scharfer Springerzug besser als sein Ruf. Er ist weit weniger
ausanalysiert aber erfördert ebenfalls von beiden Seiten haargenaues Spiel.} 8.
d5 Ne5 (8... Na5 {Meulders ist eine ganz andere Geschichte}) 9. Nxe5 dxe5 10.
Qb3 h6 11. c5 Kh8 12. Rd1 g5 13. Bd2 e4 {This move looks the best for black,
but still white gets an advantage in this line.White has clear advantage in
the center and queenside(pawns c5 and d5),but black can try to get some attack
on the kingside.} (13... a6 14. Be1 (14. Na4 Qe8 (14... Rb8 15. Ba5 Ne8 16.
Rac1 Rf6 17. Qb4 f4 18. Nc3 Bf5 19. Qa3 h5 20. Ne4 $16 {Babula,V-Lanc,A/
Moravia-chT 9697 1997/1-0(31)}) 15. Ba5 Bd7 16. Nc3 b6 17. cxb6 cxb6 18. Qxb6
Rb8 19. Qc5 $14 {Tukmakov,V-Reinderman,D/Wijk op 1993/1-0 (75)}) 14... Rb8 15.
Qb4 (15. a4 Qe8 16. d6 exd6 17. cxd6 Be6 (17... c6 18. a5 Be6 19. Qc2 Qf7 20.
Ra3 Rfd8 21. Na4 Nd5 22. e4 fxe4 23. Bxe4 Rxd6 24. Nc5 Rbd8 25. Nxe6 Qxe6 26.
Rad3 $44 {Adianto - Spraggett, Novi Sad (ol) 1990}) 18. Qb4 cxd6 19. Qxd6 Bb3
20. Rdc1 e4 21. Qb6 Qe6 22. Qxe6 Bxe6 23. a5 $11 {Hardiscay - Mi.Tseitlin,
Budapest 1992-54/92}) 15... Bd7 16. Rac1 e4 17. f3 Qe8 18. Bf2 e5 19. Qa5 exf3
20. exf3 c6 21. d6 $16 {Matlak,M-Grabarczyk,B/Polanica Zdroj op 1994/1-0(40)})
(13... f4 14. Be1 Rb8 (14... a6 15. Rac1 (15. Ne4 $16) 15... Qe8 16. d6 exd6
17. cxd6 cxd6 18. Rxd6 $16 {Korotylev,A-Pogosian,V/St.Petersburg op2 1994/1-0
(29)}) (14... Bf5 $5 15. Qxb7 Rb8 16. Qxa7 Rxb2 17. Qa3 Rb8 (17... Qb8 18. Rac1
$16) 18. d6 $1 exd6 19. cxd6 cxd6 20. Rxd6 Qe8 21. Nd5 Ne4 22. Ra6 {Ibragimov
- Glek, SSSR 1991-53/(105)} Qb5 23. Ne7 $1 Bh7 24. Ng6+ Bxg6 25. Rxg6 $16 {
Ibragimov}) (14... g4 15. Ne4 Bf5 16. Nxf6 Bxf6 17. Qxb7 Rb8 18. Qxa7 Rxb2 19.
Ba5 $16 {[%cal Rd5d6]}) 15. Ne4 Bg4 16. Qc4 Qc8 17. Rac1 Bh3 18. Nxf6 Bxg2 19.
Kxg2 Rxf6 20. Qe4 $16 {Chuchelov,V-Boehmer,C/Eupen op 1993/1-0(30)}) (13... Nd7
14. Qa3 e4 15. Be3 Ne5 16. Bd4 Qe8 $2 17. Nxe4 fxe4 18. Qc3 Qf7 19. Bxe5 $16 {
Mikac,M-Srebrnic,V/Bled op 1995/1-0(36)}) 14. Be1 Ng4 (14... a6 15. Rac1 (15.
Qa3 {Meulders} Qe8 16. b4 Bd7 17. Qb3 Ng4 18. h3 Ne5 19. a4 Qh5 20. Rac1 f4 $40
{0-1 Siekanski,J-Hawelko,M/POL-ch 1989/EXT 89ch}) (15. f3 exf3 16. exf3 f4 17.
Ne2 fxg3 18. hxg3 b6 19. Bf2 $14 {1-0 Ostenstad,B-Saether,O/Arnold Cup 1991/TD
91\06 (30)}) (15. Qb4 Rb8 16. f3 exf3 17. exf3 e6 18. d6 e5 19. Bf2 Be6 20. Re1
$16 {1-0 Ionov,S-Popov,Y/St.Petersburg op 1992/EXT 92op (30)}) 15... Qe8 16. d6
exd6 17. cxd6 cxd6 18. Rxd6 $14 {Petrosian,A-Yagupov,I/Berliner Sommer 1991/
1-0(39)} (18. Rxd6 f4 19. Nd5 f3 20. Rxf6 Rxf6 21. Nxf6 Bxf6 22. exf3 Be6 23.
Qxb7 $18 {1-0 Petrosian,A-Yagupov,I/Berliner Sommer 1991/TD 91\04 (39)})) 15.
Nb5 a6 16. Nd4 Qe8 17. f3 (17. Ba5 $5 f4 $1 (17... c6 18. Ne6 Bxe6 19. dxe6 Qh5
20. h3 Ne5 21. Rd2 $16 {[%cal Ga1d1]}) 18. Bxc7 e3 19. fxe3 Nxe3 20. Rd2 Qg6
$132) 17... Nf6 18. Ba5 $5 $146 {'!?' Meulders.} (18. Bc3 f4 $6 19. Ne6 $6 (19.
fxe4 fxg3 20. hxg3 Qg6 21. Nf5 $16) 19... Bxe6 20. dxe6 fxg3 21. hxg3 Qc6 22.
fxe4 Qxc5+ 23. Bd4 $14 {Meulders,R-Klip,H/Sas van Gent 1992/1-0(35)} (23. Bd4 {
Meulders} Qa5 (23... Qb5) 24. Rac1 (24. Qxb7) 24... Rad8 25. Rc5 b5 26. Rf5 c6
27. a3 Qc7 28. Qc3 Kg8 29. Rdf1 Qc8 30. Rc5 $14 {1-0 Meulders,R-Klip,H/Sas van
Gent 1992/EXT 92 (35)})) 18... c6 19. Ne6 exf3 $6 (19... Bxe6 20. dxe6 exf3 21.
exf3 Nd5 $132) 20. Nxg7 $6 (20. Nc7 $5 {White wins material with this move,but
black gets dangerous attack.White didn't want to take risk and missed
advantage.} Qf7 (20... Qg6 21. exf3 $18) (20... f2+ 21. Kh1 $1 (21. Kxf2 Qh5
22. Nxa8 Ng4+ 23. Kf1 f4 $40) 21... Qh5 22. Nxa8 Ng4 23. h3 f4 24. gxf4 gxf4
25. Qf3 $1 $18 {[%cal Ga8b6]} (25. Bc3 Ne3) (25. Nb6 Ne3 26. Nxc8 Qxe2)) 21.
Nxa8 (21. exf3 Rb8 22. Ne6 $16) 21... fxg2 22. dxc6 (22. Nb6 {Meulders} cxd5
23. Bc3 e6 24. Kxg2 Bd7 25. Nxd7 Qxd7 $11) 22... Qxb3 23. axb3 bxc6 24. Bc3 $16
) (20. exf3 Bxe6 21. dxe6 Nd5 {and black is OK.} (21... Nd5 {Meulders} 22. Rd2
Qc8 23. Re1 $11)) (20. Bxf3 Bxe6 21. dxe6 Qb8 {[%cal Gb8e5]} 22. Rac1 g4 23.
Bg2 f4 $132) 20... Kxg7 21. Bxf3 (21. exf3 {Meulders} cxd5 22. Bc3 e5 23. Rxd5
Nxd5 24. Qxd5 Kh7 25. Re1 Qe6 $15) 21... cxd5 22. Bxd5 Nxd5 23. Qxd5 Qf7 $11
24. Bc3+ Kg6 25. Qe5 f4 26. Rf1 (26. gxf4 Qxf4 27. Qxe7 $6 Bh3 28. Qxb7 Qf2+
29. Kh1 Rae8 $40) 26... Bh3 27. Rf3 Qe6 28. gxf4 (28. Qg7+ Kh5 {[%cal Gf8f7]
and black is safe even with the king on-h5!}) 28... Rxf4 29. Rxf4 (29. Rxf4
gxf4 30. Qxf4 Qxe2 31. Qg3+ Qg4 32. Qxg4+ Bxg4 $11) 1/2-1/2

[Event "DEN-ch playoff"]
[Site "Copenhagen"]
[Date "1996.??.??"]
[Round "3"]
[White "Nielsen, Peter Heine"]
[Black "Danielsen, Henrik"]
[Result "0-1"]
[WhiteElo "2530"]
[BlackElo "2495"]
[Annotator "Tyomkin,D"]
[PlyCount "78"]
[EventDate "1996.10.18"]
[EventType "match"]
[EventRounds "4"]
[EventCountry "DEN"]
[SourceTitle "CBM 056"]
[Source "ChessBase"]
[SourceDate "1997.02.01"]
[SourceVersion "1"]
[SourceVersionDate "1997.02.01"]
[SourceQuality "1"]

1. c4 f5 2. Nf3 Nf6 3. g3 g6 4. Bg2 Bg7 5. O-O O-O 6. d4 d6 7. Nc3 Nc6 8. d5
Ne5 9. Nxe5 dxe5 10. e4 f4 $1 11. b4 g5 12. Bb2 Qe8 $2 {This move leads to big
troubles,if white will play exactly on the next move,but...} (12... g4 $5 {
Tyomkin,D} 13. Re1 (13. gxf4 exf4 14. f3 gxf3 $15 (14... Qe8 $2 15. e5 Qh5 $2 (
15... gxf3 16. Bxf3 (16. Qxf3 Ng4 17. e6 Ne3) 16... Qg6+ 17. Kh1 Ng4 18. Qe2
$16) 16. exf6 Rxf6 17. fxg4 Bxg4 18. Bf3 $18 {Pedersen Henrik Dahl-Preuss
Flemming/It (open), Copenhagen (Denmark) 1995/1-0 (27)})) 13... f3 14. Bf1 h5
15. c5 (15. Na4 $6 Nh7 16. Nc5 h4 17. Nd3 Qe8 18. Rc1 Qh5 19. Rc2 Bd7 20. Rd2
Ng5 21. Kh1 Qh7 $36 {Lanchava,T-Alekhina,N/Moscow-W 1990/0-1 (33)  White
moneuvred strange in this game.Much better for white  to play like in the game
Schwarz-Lutz [15.c5],where white succesfully stoped the black's pressure on
the kingside}) 15... h4 16. Qd2 Kh7 17. Nd1 hxg3 (17... Nh5 $6 18. Qg5) 18.
fxg3 Nh5 19. Nf2 $14 {Schwarz,P-Lutz,K/Hessen-ch Doernigheim 1994/1/2-1/2 (23)}
(19. Qg5 $6 Qe8 20. Bxe5 $2 (20. Qe3) 20... Bh6 21. Qh4 Kg6 $1 22. Bf4 Nxf4 23.
gxf4 Bxf4)) (12... a6 $6 {Tyomkin,D} 13. Na4 Ng4 14. h3 Nh6 15. Qh5 Qd6 16. Nc5
Nf7 17. Bf3 b6 18. Nd3 Bd7 19. Bg4 $16 {Jensen,J-Fries Nielsen,P/Copenhagen PC
1991/1-0 (39)}) 13. Re1 $2 $146 (13. Nb5 $1 {Tyomkin,D I don't know how black
should continue after this move} Ng4 14. h3 Qh5 15. Qf3 $1 (15. Nxc7 $2 f3 16.
hxg4 Bxg4 17. Bh1 Rf6 $19) 15... Bd7 (15... fxg3 16. Qxg3 Rf4 17. Nxc7) 16.
Nxc7 Rac8 17. Ne6 $18 {Anapolsky,S-Grunberg,M/ROM-chT 1994/1-0 (49)}) 13... Ng4
$17 14. f3 Nxh2 (14... Ne3 $5 15. Qd3 Nxg2 (15... g4 16. Rxe3 $1 fxe3 17. Qxe3
gxf3 18. Bxf3 Bh3 $15) 16. Kxg2 g4 17. Rf1 Qh5 $17) 15. g4 (15. gxf4 exf4 $1 (
15... Qh5 16. f5 g4 17. fxg4 Nxg4 18. Qf3 Qh2+ 19. Kf1 e6 20. dxe6 (20. Qxg4
exf5 21. Qg5 h6 $19) 20... Qh4 21. Ke2 Bxe6 22. Nd5 $13 {/+/-}) 16. Kxh2 Qh5+
17. Kg1 g4 $40 {[%cal Gg4g3,Gh5h2,Gc8h3] /\g3,Qh2,Bh3,and not easy to find a
defence for white,for example:} 18. Kf2 $1 (18. Qd3 g3 19. Kf1 Qh2) 18... g3+ (
18... gxf3 $5 19. Rh1 $1 Qg6 20. Bxf3 (20. Qxf3 Bg4 21. Qd3 f3 22. Bf1 Qb6+ 23.
c5 Qxb4 $17) 20... Qb6+ 21. Kg2 {and white defended succesfully}) 19. Ke2 Qh2
20. Rg1 Bh3 21. Kf1 Bxg2+ 22. Rxg2 Qh1+ 23. Rg1 Qh3+ 24. Rg2 $11) 15... Nxg4
16. fxg4 h5 17. Bf3 Qd7 18. Qa4 (18. Na4 b6 19. c5 hxg4 20. c6 Qd6 21. Bxg4
Bxg4 22. Qxg4 Qxb4 23. Qxg5 (23. Qd1 b5) 23... Qxa4 (23... f3) 24. Bxe5 Rf7 $17
) 18... Qd6 $2 (18... hxg4 19. Qxd7 Bxd7 20. Bh1 g3 21. Rf1 (21. Kg2 Kf7 $17 {
[%cal Gf8h8]}) 21... g4 22. Kg2 Rf6 $17) 19. gxh5 g4 20. Kf2 Kh7 21. Rh1 Bf6
22. Rag1 (22. c5 Qd8 23. Bd1 f3 24. Bc2 e6 25. Rag1 Bh4+ $19) 22... Rg8 23. c5
Qd8 24. Qd1 gxf3 25. Qxf3 Rxg1 26. Rxg1 Bd7 27. b5 $2 (27. Qg2 Qe8 28. Qg6+
Qxg6 29. hxg6+ Kh6 30. b5 $1 {white has some chances to make a draw}) 27... c6
28. dxc6 bxc6 29. bxc6 Bh4+ 30. Ke2 Be6 31. Nd5 Qa5 32. Qc3 Qa4 33. Nb4 $2 (33.
Kf3 $142) 33... Bf6 34. Qa3 Qb5+ 35. Nd3 Qxc6 (35... Bc4 $142 36. Rd1 Qxc6 37.
Kf3 Rg8 $19) 36. Kf3 Bf5 37. Qb4 Rb8 38. Qc4 Be6 39. Qc2 Bf7 $138 {White lost
on time,but anyway black has a strong initiative, and the white king is
vulnerable.} (39... Bf7 40. Rh1 Qe6 {[%csl Ge5]} 41. c6 Rg8 42. Kf2 Qg4) 0-1

[Event "RUS-ch m1-2"]
[Site "Elista"]
[Date "1997.05.31"]
[Round "5.1"]
[White "Bareev, Evgeny"]
[Black "Lastin, Alexander"]
[Result "1-0"]
[WhiteElo "2665"]
[BlackElo "2535"]
[Annotator "Tyomkin,D"]
[PlyCount "91"]
[EventDate "1997.05.19"]
[EventType "k.o."]
[EventRounds "6"]
[EventCountry "RUS"]
[SourceTitle "CBM 059"]
[Source "ChessBase"]
[SourceDate "1997.08.01"]
[SourceVersion "1"]
[SourceVersionDate "1997.08.01"]
[SourceQuality "1"]

1. d4 {Meulders} f5 2. g3 Nf6 3. Bg2 g6 4. Nf3 Bg7 5. O-O O-O 6. c4 d6 7. Nc3
Nc6 8. d5 Na5 9. Qd3 e5 10. dxe6 Bxe6 11. b3 Nc6 (11... Kh8 12. Bb2 (12. Nd4
Bg8 13. Bd2 Qd7 14. Rae1 Nc6 15. Nxc6 bxc6 16. e4 $14 {Lisenko Alexander
V-Gendre Kossia/It (open), Cappelle la Grande (France) 1995 (42)/1-0}) 12...
Nd7 13. Nd4 Bg8 14. Rad1 Ne5 15. Qc2 Nac6 16. Nxc6 bxc6 17. c5 Qe7 18. e3 Rad8
19. Rfe1 Qe8 20. Ba3 $14 {Azmajparashvili - Akopian, Belgrad 1988}) 12. Rb1 $5
$146 {[%cal Gc1b2] New move in quite popular position leading to a white's
advantage Umgeht 12.Bb2 Ne4 13.Rac1 Nb4 14.Qb1 Nxc3 15.Bxc3 Bxc3 16.Rxc3 Qf6
was als = gilt.} (12. Bb2) (12. Ng5) (12. Ba3) 12... Ng4 13. Qd2 {[%cal Rf3g5]}
(13. Ng5 $5 Nge5 14. Qd2 Bd7) 13... h6 (13... Qe7 $6 14. Ng5) 14. e3 Qd7 (14...
Nge5 15. Nd4 Bd7 (15... Bf7 16. f4 Nxd4 17. exd4 Nc6 18. d5 (18. Ne2 $6 d5)
18... Nd4 19. Bb2 Re8 20. Rfe1 Qd7 21. Na4 $16) 16. Bb2 $14) 15. Ne2 Bf7 (15...
Rae8 {Meulders} 16. Bb2 Nf6 (16... Kh7 17. Bxg7 Qxg7 18. Rfd1 $14) 17. Nfd4 Ne4
18. Qd1 Bf7 19. Nxc6 Qxc6 20. Bxg7 Kxg7 21. f3 Nf6 22. Nd4 Qd7 23. Qd3 Re7 24.
Rbe1 Rfe8 {und Schwarz steht bestimmt nicht schlechter.}) 16. Bb2 Nf6 {Im
Leningrader ist es für Schwarz vernünftig so lange wie möglich den
schwarzfeldrigen Laüfer zu behalten.} 17. Rbd1 Rae8 18. Qc1 g5 {Wahrscheinlich
war es besser die Dame aus den Blick von Rd1 zu entfernen, also 18...Qe7.} 19.
Ned4 $14 Nd8 {In Kombination mit dem aggressiven 18...g5 sieht dies zu passiv
aus, denn Weiss ergreift sofort die Initiative. Logischer erscheint 19...Nxd4
20.Nxd4 Ne4.} (19... Ne4 20. Nxc6 Bxb2 21. Qxb2 Qxc6 (21... bxc6 22. Ne5 $1)
22. Nd4 Qd7 23. f3 $14) 20. c5 Bd5 $6 (20... d5 $142 21. Qc2 (21. c6 {[%cal
Gb2a3]} bxc6 (21... Nxc6 22. Nxc6 Qxc6 23. Qxc6 bxc6 24. Ba3 $14) 22. Ba3 Ne4
23. Bxf8 Bxf8 $44 {[%cal Gc6c5]}) 21... Bg6 {[%cal Gg8h7,Yf5f4]} 22. b4 Kh7 23.
Qb3 $14) (20... Ne4 21. cxd6 cxd6 (21... Nxd6 22. Qc2 $14 {[%cal Gd1c1,Gf1d1] 
()}) 22. Qc2 $14 {[%csl Rd6][%cal Gd1c1,Gf1d1]}) 21. cxd6 c6 (21... cxd6 $6 22.
Ne2 {[%cal Ge2c3]} Nf7 $16 {[%csl Rd6][%cal Gd1d6]} (22... Bc6 $6 23. Ne5 Qc7
24. Qc4+ $16)) 22. Ne2 $1 {[%cal Ge2c3,Yd1d5] Der Drück auf die d-Linie ist
recht unangenehm für Schwarz.} Nf7 23. Nc3 Nxd6 {So hat Schwarz den Bauer
zurück, aber die nun entstehende Fesselung bringt ihn im Nachteil.} 24. Nxd5
Nxd5 25. Nd2 {[%cal Gd2c4]} Bxb2 26. Qxb2 Nf6 $4 {missing 28th move of white} (
26... Qg7 $2 27. Qxg7+ Kxg7 28. Bxd5 cxd5 29. Nf3 $18) (26... Ne4 $2 27. Nxe4
fxe4 28. Qd4 {[%csl Ra7,Re4]} Qe7 29. Qxa7 $18) (26... Qe6 $142 27. Rfe1 (27.
Nc4 Ne4 28. Rfe1 {[%cal Gf2f3]} b5 $13) 27... Ne4 28. Nf3 $14 {[%cal Gf3d4,
Yf2f3]}) 27. Nc4 Nxc4 (27... Re6 28. Qa3 $1 {[%csl Ra7,Rd6]} Nxc4 29. bxc4 Qe7
30. Qxa7 $18) {[%tqu "En","Play like GM Bareev in this position","","","b2f6",
"",10]} 28. Qxf6 $1 $18 Rxf6 (28... Qh7 29. Qc3 Ne5 30. Rd6 $18 {[%cal Gf1d1,
Gf2f4]}) 29. Rxd7 Nd6 {Alles forciert (29...Na5 30.b4)} 30. Rd1 Ree6 {[%tqu
"En","How can you destroy black's position in one move?","","","e3e4","",10]}
31. e4 $1 {Dieser hübscher Zug (/\ 32.e5) entscheidet die Partie.} Nxe4 (31...
fxe4 32. Bh3 {[%csl Rd6]} (32. Bh3 {Meulders} Nf5 33. Rxb7 Re7 34. Rxe7 Nxe7
35. Rd7 $18)) 32. Rxb7 Rf7 33. Rd8+ Kg7 34. Rdd7 {Gewinnt einen Bauer.} Rxd7
35. Rxd7+ Kf6 36. Bxe4 $1 {the easiest way} (36. Rxa7 Nc3 {with some
counterchances:} 37. Rc7 (37. Kf1 $6 Rd6) 37... Re1+ 38. Bf1 Ne2+ 39. Kg2 Nd4
40. Bc4 $16 {/+-}) 36... fxe4 37. Rxa7 e3 (37... Ke5 38. Rd7 c5 39. Kf1 Ra6 40.
Rd2 h5 41. Ke2 Ra3 42. Rc2 Kd5 (42... Kd4 43. Rc4+ Kd5 44. Ra4 Rxa4 45. bxa4
Kc4 46. Kd2 Kb4 47. h3 $22 $18 (47. Kc2 g4 48. Kb2 Kc4 49. a3 Kd3 $16)) 43. Kd2
$18 {[%cal Gd2c3]} Kd4 44. Rc4+ $18 {[%cal Gc4a4]}) 38. Kf1 Kf5 39. Ra4 exf2
40. Kxf2 Rd6 41. Ke2 Re6+ 42. Kf3 Re1 43. Ra5+ Ke6 44. Kg4 Rh1 45. h3 (45. h4 {
Meulders}) 45... Rh2 46. h4 {[%csl Rh6][%cal Gg4h5,Ga5a4]} 1-0